000 00898nam a22003730a 4500
001 PT22901
003 AR-LpoUNG
005 20210131233121.0
008 191001s2006||||ag |||||||||||||||||spa d
020 _a9875800740
_c$6,8
040 _aAR-LpoUNG
_bspa
_cAR-LpoUNG
_eaacr
041 _aspa
044 _aag
082 0 _a982.064 697rec
100 1 _aBonasso, Miguel
245 1 0 _aRecuerdo de la muerte
250 _a6ta. ed.
260 _aBuenos Aires :
_bBooket,
_c2006.
300 _a565 p :
_bil., gráfs.
650 4 _aARGENTINA
650 4 _aASPECTOS POLITICOS
650 4 _aDICTADURA
650 4 _aGOBIERNO MILITAR
650 4 _aGUERRILLEROS
650 4 _aHISTORIA POLITICA
650 4 _aHISTORIA SOCIAL
650 4 _aTORTURA
651 4 _aArgentina
653 _aDESAPARECIDOS
653 _aESMA
653 _aMONTONEROS
905 _a22901
942 _cLIB
999 _c19258
_d19258